00333nam a2200121Ia 4500008004100000041000800041082001500049100002200064245004500086250001500131260003300146300003200179240624s9999 xx 000 0 und d aeng a658.45 LES aLESIKAR RAYMOND V aBUSINESS COMMUNICATION MAKING CONNECTION a(11th ed.) c2009aNew DelhibMcGraw-Hill axxix, , 737 , 23 : p. : cm.